10 Largest N. American Countries By Size (Area) - Statistics

General Stats
  • This quiz has been taken 45 times
  • The average score is 10 of 10
Answer Stats
Rank Area (km²) Country % Correct
1 9,984,670 Canada
100%
3 1,964,375 Mexico
100%
2 9,629,091 United States
100%
9 51,100 Costa Rica
95%
7 108,889 Guatemala
95%
5 112,492 Honduras
95%
4 130,373 Nicaragua
95%
8 75,417 Panama
95%
6 109,886 Cuba
93%
10 48,671 Dominican Republic
90%
No matching quizzes found
Score Distribution
Percent of People with Each Score
Percentile by Number Answered
Your Score History
You have not taken this quiz